Bulgarian 2000s Music Quiz: Name the Artist - Statistics

General Stats
  • This quiz has been taken 10 times
    9 since last reset
  • The average score is 14 of 30
Answer Stats
Song Release Date Artist % Correct
Dushata mi kreshti 2008 Galena
89%
Ne sam angel 2007 Preslava
89%
Otlichen 6 2009 Toni Storaro
89%
Kak boli 2004 Azis
78%
Beli noshti 2000 Desi Slava
67%
Da si plashtal 2008 Emanuela
67%
Gubya te bavno 2003 Gergana
56%
Krepost 2003 Gloria
56%
Ot izvora 2003 Ivana
56%
Prikazka 2000 PIF
56%
I tova e lyubov 2005 Rayna & Konstantin
56%
Ela ela 2000 Slavi Trifonov
56%
Onzi fatalen den 2008 Sofi Marinova
56%
Naĭ-vŭrvezhen 2008 Alisia
44%
Men si tarsil 2009 Andrea
44%
Ne moga da spra da te obicham 2005 Anelia
44%
Pak sam sam 2006 Boris Dali
44%
Omrazna mi 2008 Dzhena
44%
3 v 1 2005 Upsurt
44%
Ela izgreĭ 2001 Deep Zone Project & Kamen Vo
33%
Mechtata mi vzemi 2002 Emilia
33%
Avgust e septemvri 2008 Miro
33%
Dayanamam 2002 Reyhan
33%
100 godini 2002 D2
22%
Nishto 2002 Maria Ilieva
22%
Ti 2003 Nina Nikolina
22%
Otkradnata lyubov 2008 Tsvetelina Yaneva
22%
Pusto no ludo i mlado 2008 Ustata
22%
Zakuska 2002 Revyu
11%
Po putya na lyubovta 2001 Valya & Zhoro Lyubimetsa
11%
No matching quizzes found
Score Distribution
Percent of People with Each Score
Percentile by Number Answered
Your Score History
You have not taken this quiz since the last reset